000 00400nam a2200157Ia 4500
008 221030s9999 xx 000 0 und d
020 _a9350514320
041 _aEnglish
100 _aK. Aswathappa
245 0 _aProduciton & Operations Management
_cby K. Aswathappa, K. S. Bhat
260 _bHPH
_aNew Delhi
_c2012
300 _a656
650 _aManagement
700 _aK. S. Bhat
942 _cBK
999 _c14612
_d14612